01574nam a2200289 a 4500001001000000005001700010008004100027041000800068044000800076084002000084100004500104245018000149260003800329300004300367500012800410500018400538500020200722500001000924546002400934650005200958650005601010650003401066650004501100700003901145700005001184740005001234BRCA_319920190320204147.0180209s1733----enka---###---#000-0#eng-u aeng aenk a501b.H93c17331 aCervantes Saavedra, Miguel ded1547-161610aThe History of the Valorous and Witty Knight-Errant Don Quixote of the ManchacWritten in Spanish by Michael Cervantes ; Translated into English by Mr. Shelton, and Mr. Blunt. aDublinbS. Hyde : J. Dobsonc1733 a4 v.bil.c18 cm.eláminas plegables aContenido : v 1. Primera parte. Prefacio de los editores. Texto. -- v 2. Texto. -- v 3. Segunda parte. Texto. -- v 4. Texto aEdición : And Now Print from the Quarto Edition of 1620. With a Curious Sett of Cutts from the French of Coypel and Several Annotations and Amendments, not in any Former Edition aReimpresión de la traducción de Shelton de 1620, revisada y corregida por Blunt, precedida de un prólogo. Va adornada con dibujos de Coypel. Piel; lomos decorados con dorados Lúdovik Osterc aQM720 aTexto en : inglés14aNovela españolayÉpoca clásica, 1500-170014aLiteratura españolayÉpoca clásica, 1500-170014aNovela españolaySiglo XVII14aDon Quijote (Personaje ficticio)eNovela1 aShelton, Thomasd?-1626eTraductor1 aCoypel, Charles-Antoned1694-1752eIlustrador0 aEl Ingenioso Hidalgo Don Quijote de la Mancha